| 000 | 00728nam a2200253Ia 4500 | ||
|---|---|---|---|
| 003 | OSt | ||
| 005 | 20220925194150.0 | ||
| 006 | a|||||r|||| 00| 0 | ||
| 007 | ta | ||
| 008 | 220923b |||||||| |||| 00| 0 eng d | ||
| 020 | _a3445120773 | ||
| 037 | _cGeneral Book | ||
| 040 |
_aRTL _cRTL _beng |
||
| 041 |
_2eng _aeng |
||
| 082 | _aX:77:(B), M0 | ||
| 100 |
_aKummel Reiner _9250495 |
||
| 245 | 0 | _aGrowth dynamics of the energy dependent economy | |
| 260 |
_aCambridge _bGunn and Kain _c1980 |
||
| 300 |
_avi, 129p. _ccm. |
||
| 490 | _aMathematical systems in Economics, 54. | ||
| 650 |
_aEconomic Development _917300 |
||
| 942 |
_hX:77:(B), M0 _cGB _2CC |
||
| 999 |
_c528439 _d528439 |
||